000 02026nkc a22002897a 4500
001 85818
005 20260429094913.0
007 kh boc
008 260420s1895 sp ||||| |||| |0| i|spa d
040 _aM-RABA
_bspa
_cM-RABA
245 0 1 _a[Plasencia
_b: vistas de monumentos]
_h[Material gráfico]
260 _c1895
300 _a3 fotografías
_b: aristotipo
_c; imagen 11 x 8 cm
_c; soporte secundario 19 x 16 cm
500 0 0 _aConjunto de tres fotografías que representan diferentes vistas de monumentos en Plasencia (Cáceres).
500 0 0 _aNota manuscrita a tinta en el verso del soporte secundario que indica la ubicación y fecha: Fot-676: "Plasencia. Puerta de la Catedral. Noviembre 1895" -- Fot-677: "Plasencia. Coro de la Catedral. Noviembre 1895" -- Fot-678: "Plasencia. El Acueducto. Noviembre 1895".
610 2 7 _aCatedral de Plasencia (Cáceres, España)
_94868
651 7 _aPlasencia (Cáceres, España)
_975358
655 0 _aFotografías de monumentos
_9111580
852 _jFot-676; Fot-677; Fot-678
856 _uhttps://archivoybiblioteca.realacademiabellasartessanfernando.com/cgi-bin/koha/opac-retrieve-file.pl?id=e31eb88416a53839327594992d248206
_yFot-676r
856 _uhttps://archivoybiblioteca.realacademiabellasartessanfernando.com/cgi-bin/koha/opac-retrieve-file.pl?id=d35b6178b8c798c409e5c81610d8baf8
_yFot-676v
856 _uhttps://archivoybiblioteca.realacademiabellasartessanfernando.com/cgi-bin/koha/opac-retrieve-file.pl?id=b6a118f98a7d2fe08e8ad5d698c037de
_yFot-677r
856 _uhttps://archivoybiblioteca.realacademiabellasartessanfernando.com/cgi-bin/koha/opac-retrieve-file.pl?id=7d23a6d518ea4fd41b1a46d13d6e4b0e
_yFot-677v
856 _uhttps://archivoybiblioteca.realacademiabellasartessanfernando.com/cgi-bin/koha/opac-retrieve-file.pl?id=553171741f069f1a2dbdedd7239f3441
_yFot-678r
856 _uhttps://archivoybiblioteca.realacademiabellasartessanfernando.com/cgi-bin/koha/opac-retrieve-file.pl?id=d24fb46a8081ac297f28702f72c15a16
_yFot-678v
942 _cFOTOGRAFÍA
_n0
999 _c85818
_d85818